Morfologi
| Main Author: | |
|---|---|
| Format: | Book |
| Published: |
Kuala Lumpur :
PTS Professional Publishing Sdn. Bhd. ,
2006
|
MARC
| LEADER | 00000cam a2200000 7i4500 | ||
|---|---|---|---|
| 001 | 0000063552 | ||
| 005 | 20160531.0 | ||
| 008 | 160531 | ||
| 020 | |a 9789833376193 | ||
| 020 | |a 9833376193 | ||
| 090 | 0 | 0 | |a 499.2359 |b ABD |
| 100 | 1 | |a Abdullah Hassan | |
| 245 | 0 | 0 | |a Morfologi |c Abdullah Hassan |
| 260 | |a Kuala Lumpur : |b PTS Professional Publishing Sdn. Bhd. , |c 2006 | ||
| 999 | |a 0000940707 |b Book |c Adult Collection |e Cawangan Taman Sri Lambak | ||